000 00821nam a2200253Ia 4500
003 OSt
005 20220918171322.0
006 a|||||r|||| 00| 0
007 ta
008 220917b |||||||| |||| 00| 0 eng d
020 _a9781477311868 (pbk)
_cUKP 34.95
024 _a325,805
037 _b53904, 19/01/2018, Segment Book Distributors
_cTextual
040 _aARTS
_cARTS
_beng
041 _2eng
_aeng
082 _aV45, Q7
100 _aMirzai Behnaz A Au.
_935746
245 0 _aHistory of slavery and emancipation in Iran 1800-1929
260 _aAustin
_bUniversity of Texas Press USA
_c2017
300 _axiii,324p.
_ccm.
650 _aIRAN - HISTORY; SLAVERY
_935747
942 _hV45, Q7
_cTEXL
_2CC
999 _c139008
_d139008